[Event "ICS rated blitz match"]
[Site "204.178.125.65"]
[Date "1999.09.24"]
[Round "?"]
[White "Hossa"]
[Black "Florina"]
[Result "1-0"]
[WhiteElo "2398"]
[BlackElo "2018"]
[PlyCount "105"]
[EventDate "1999.??.??"]

1. d4 Nf6 2. c4 c5 3. d5 e5 4. Nc3 d6 5. e4 g6 6. Bd3 Bg7 7. Nge2 O-O 8. O-O
Nh5 9. Be3 f5 10. exf5 gxf5 11. Ng3 Nxg3 12. fxg3 a6 13. Qh5 Qf6 14. Ne4 Qg6
15. Qxg6 hxg6 16. Nxd6 e4 17. Bc2 Nd7 18. Ba4 Nb6 19. Bb3 Nd7 20. Rad1 Bxb2 21.
Ba4 Nb6 22. Bc2 Nd7 23. g4 Be5 24. Nxc8 Raxc8 25. gxf5 gxf5 26. a4 f4 27. Bc1
Bd4+ 28. Kh1 e3 29. Bd3 Ne5 30. Be2 Rce8 31. Ba3 b6 32. Kg1 Rf6 33. Bc1 Kg7 34.
Kh1 Kg6 35. Ba3 Kg5 36. Rb1 Rb8 37. a5 b5 38. cxb5 axb5 39. Bxb5 Rxb5 40. Rxb5
Nc4 41. Bxc5 Bxc5 42. Rxc5 Nd2 43. d6+ Kg4 44. h3+ Kg3 45. Rg5+ Kh4 46. Rg4+
Kh5 47. d7 e2 48. Re1 Rd6 49. Rxe2 Rxd7 50. Rxf4 Nf1 51. Rxf1 Ra7 52. Rf5+ Kg6
53. g4 {Florina resigns} 1-0

[Event "ICS rated blitz match"]
[Site "204.178.125.65"]
[Date "1999.10.09"]
[Round "?"]
[White "Hossa"]
[Black "Florina"]
[Result "1-0"]
[WhiteElo "2479"]
[BlackElo "2248"]
[PlyCount "83"]
[EventDate "1999.??.??"]

1. e4 d5 2. exd5 c6 3. dxc6 Nxc6 4. Bb5 e5 5. Nc3 Nf6 6. Nf3 Bd6 7. d4 exd4 8.
Nxd4 O-O 9. Nxc6 bxc6 10. Bxc6 Rb8 11. Bb5 Qc7 12. Bg5 Ng4 13. h3 Nh2 14. Qd3
Bb4 15. a4 a6 16. Bc4 Re8+ 17. Kd1 Bb7 18. Rg1 Rbd8 19. Bxd8 Rxd8 20. Nd5 Bxd5
21. Bxd5 Qe5 22. Bxf7+ Kxf7 23. Qxd8 Qxb2 24. Qc7+ Kg8 25. Ke2 Qd4 26. Qb8+ Kf7
27. Qb7+ Kg6 28. Qxa6+ Kf7 29. Qd3 Qe5+ 30. Qe3 Qb2 31. Qf4+ Kg8 32. Qb8+ Kf7
33. Rgc1 Qd4 34. Qxh2 Qd2+ 35. Kf1 Bc5 36. Qc7+ Kg6 37. Qxc5 Qd8 38. a5 Qa8 39.
a6 Qb8 40. Qc6+ Kg5 41. Ra5+ Kf4 42. Qc4# {Florina checkmated} 1-0

[Event "ICS rated blitz match"]
[Site "204.178.125.65"]
[Date "1999.10.09"]
[Round "?"]
[White "Hossa"]
[Black "Florina"]
[Result "1-0"]
[WhiteElo "2492"]
[BlackElo "2235"]
[PlyCount "29"]
[EventDate "1999.??.??"]

1. e4 e6 2. d4 d5 3. Nc3 Bb4 4. a3 Bxc3+ 5. bxc3 dxe4 6. Qg4 Ne7 7. Qxg7 Rg8 8.
Qxh7 Bd7 9. Nh3 Bc6 10. Ng5 Rf8 11. Bc4 Nd7 12. Nxe6 fxe6 13. Qh5+ Rf7 14. Bxe6
Ne5 15. dxe5 {Florina resigns} 1-0

[Event "ICS rated blitz match"]
[Site "204.178.125.65"]
[Date "1999.10.07"]
[Round "?"]
[White "Hossa"]
[Black "Florina"]
[Result "1-0"]
[WhiteElo "2484"]
[BlackElo "2310"]
[PlyCount "29"]
[EventDate "1999.??.??"]

1. e4 d5 2. exd5 c6 3. dxc6 Nxc6 4. Bb5 e5 5. Nc3 Bd6 6. d4 exd4 7. Qxd4 Nge7
8. Ne4 O-O 9. Qxd6 Qa5+ 10. Nc3 Rd8 11. Qa3 Qxa3 12. bxa3 Nd4 13. Ba4 b5 14.
Nxb5 Nxb5 15. Bxb5 {Florina resigns} 1-0

[Event "ICS rated blitz match"]
[Site "204.178.125.65"]
[Date "1999.10.11"]
[Round "?"]
[White "Hossa"]
[Black "Florina"]
[Result "1-0"]
[WhiteElo "2466"]
[BlackElo "2198"]
[PlyCount "54"]
[EventDate "1999.??.??"]

1. e4 d5 2. exd5 c6 3. dxc6 Nxc6 4. Bb5 e5 5. Nc3 Nf6 6. Nf3 Bd6 7. d4 exd4 8.
Nxd4 O-O 9. Nxc6 bxc6 10. Bxc6 Rb8 11. Bb5 Bb7 12. O-O Qc7 13. g3 a6 14. Be2
Rfe8 15. Rb1 Rbd8 16. Bd3 Qd7 17. f3 Qh3 18. Bg5 Ng4 19. Qd2 f6 20. Bh4 Ne5 21.
Qg2 Qd7 22. Be4 g5 23. f4 Bxe4 24. Nxe4 Ng4 25. fxg5 fxg5 26. Bxg5 Rc8 27. Rbd1
27... Rxe4 {Florina resigns} 1-0

[Event "ICS rated blitz match"]
[Site "204.178.125.65"]
[Date "1999.10.13"]
[Round "?"]
[White "Hossa"]
[Black "Florina"]
[Result "1-0"]
[WhiteElo "2407"]
[BlackElo "2260"]
[PlyCount "81"]
[EventDate "1999.??.??"]

1. d4 Nf6 2. c4 c5 3. d5 e5 4. Nc3 d6 5. e4 g6 6. Bd3 Bg7 7. Nge2 O-O 8. O-O
Ne8 9. f4 Bg4 10. fxe5 Bxe5 11. Qb3 b6 12. Bf4 Nd7 13. Rad1 Ng7 14. Nb5 Qe7 15.
Rde1 Nh5 16. Bxe5 Nxe5 17. Bc2 Bxe2 18. Rxe2 Ng4 19. Qh3 Ne5 20. Bb3 a6 21. Na3
Qg5 22. g3 Ng7 23. Ba4 f5 24. Bc6 Rad8 25. Qg2 fxe4 26. Rxe4 Rxf1+ 27. Qxf1 Rf8
28. Rf4 Rxf4 29. Qxf4 Qxf4 30. gxf4 Nd3 31. Bb7 a5 32. Nb5 Nf5 33. Bc8 Nxb2 34.
Bxf5 gxf5 35. Nxd6 Kf8 36. Kg2 Ke7 37. Nxf5+ Kf6 38. Ne3 Nd3 39. Kf3 Ne1+ 40.
Ke2 Ng2 41. Nxg2 {Florina resigns} 1-0

[Event "ICS rated blitz match"]
[Site "204.178.125.65"]
[Date "1999.10.09"]
[Round "?"]
[White "Hossa"]
[Black "Florina"]
[Result "1-0"]
[WhiteElo "2499"]
[BlackElo "2228"]
[PlyCount "61"]
[EventDate "1999.??.??"]

1. e4 e6 2. d4 d5 3. Nc3 Bb4 4. a3 Bxc3+ 5. bxc3 dxe4 6. Qg4 Nf6 7. Qxg7 Rg8 8.
Qh6 Nbd7 9. Bg5 b6 10. Bb5 Rg6 11. Qh4 Bb7 12. Ne2 Qe7 13. Nf4 Rxg5 14. Qxg5
O-O-O 15. Bxd7+ Kxd7 16. Nh5 Nxh5 17. Qxh5 Rg8 18. O-O f5 19. Rab1 Rg5 20. Qh6
f4 21. g3 e3 22. fxe3 fxg3 23. h3 Rg6 24. Qh5 g2 25. Rf2 Be4 26. Qb5+ Kc8 27.
Qe5 Bb7 28. Qh8+ Kd7 29. Qb8 Rg3 30. Qxb7 Rxh3 31. Rxg2 {Florina resigns} 1-0

[Event "ICS rated blitz match"]
[Site "204.178.125.65"]
[Date "1999.09.18"]
[Round "?"]
[White "Hossa"]
[Black "Florina"]
[Result "1-0"]
[WhiteElo "2427"]
[BlackElo "2078"]
[Annotator "Fritz 5.32 (20s)"]
[PlyCount "103"]
[EventDate "1999.??.??"]

1. e4 1... d5 {Opening = B01 - 1.e4 d5} 2. e5 c5 3. c3 Bf5 4. d4 Nc6 5. Ne2 (5.
Nf3 e6 6. Bd3 Bg6 7. O-O cxd4 8. cxd4 Nge7 9. Bg5 Qb6 10. Nc3 Bxd3 11. Qxd3 h6
12. Be3 Nb4 13. Qd2 Nf5 14. Rac1 Be7 15. g4 Nxe3 16. Qxe3 Qa6 17. Ne1 O-O 18.
f4 Rac8 19. a3 19... Nc6 {Brueggemann,J-Hennings,A/Leipzig 1979/MCD/ - (41)}) (
5. Bd3 Bxd3 6. Qxd3 cxd4 7. cxd4 Qb6 8. Ne2 8... e6 {
- Kharitonov,O-Timofeeva,L/Moscow 1996/EXT 99 (8)}) 5... e6 6. Be3 cxd4 7. Nxd4
7... Nxd4 $14 (7... Nge7 8. Qa4 $11 (8. Nxf5 $143 8... Nxf5 (8... exf5 $143 9.
f4 $14) 9. Bf4 9... g5 $15)) 8. cxd4 Ne7 9. Bb5+ Nc6 10. Qa4 Qb6 11. O-O Be7
12. Bxc6+ bxc6 13. Rc1 Rc8 14. Nd2 O-O (14... Qxb2 15. Qxa7 (15. Rxc6 O-O 16.
Nb3 Rxc6 17. Qxc6 17... Rb8 $15) 15... Ba3 16. Qa6 $14) 15. Nf3 15... h6 {
Befestigt g5} 16. Rc3 Qxb2 17. Rac1 {Der rueckstaendige c6 wird zum Brennpunkt}
17... Qb6 18. Rb3 Qc7 19. Qa6 Rb8 20. Qxc6 Qxc6 21. Rxc6 Rxb3 22. axb3 Rb8 23.
Rc7 23... Rxb3 $14 (23... Bd8 $5 {ist eine gute Alternative} 24. Rxa7 24...
Rxb3 $15) 24. h4 $15 (24. Nd2 Ra3 25. g4 (25. Rxe7 $143 25... Ra1+ 26. Nf1
26... Bd3 $19) 25... Bxg4 26. Rxe7 $11) 24... Bf8 25. Rxa7 Be4 26. Nd2 26...
Rd3 $14 (26... Ra3 27. Rxa3 Bxa3 28. Nxe4 dxe4 29. g4 $14) 27. Nxe4 dxe4 28. g4
Rb3 29. Rc7 Rb8 30. Kg2 30... Rd8 $16 (30... g6 31. Kg3 $14) 31. Kg3 g6 32. Rb7
h5 33. gxh5 gxh5 34. Kf4 Kg7 35. Kg5 Re8 36. Kxh5 {
Der Freibauer h4 ist ein wichtiges Motiv} 36... Be7 37. Bh6+ Kh7 38. Bg5 Bxg5
39. Kxg5 $16 (39. hxg5 $5 39... Kg8 $18) 39... Kg7 $18 (39... Rg8+ 40. Kf4 Rg7
41. Re7 $16) 40. h5 Rd8 41. h6+ Kg8 42. Kf6 Rxd4 (42... Kh7 43. Rxf7+ Kxh6 44.
Kxe6 Rxd4 45. Kf5 $18) 43. Rxf7 Rd2 (43... Rd1 {
aendert den traurigen Lauf der Dinge nicht} 44. Kxe6 Rh1 45. h7+ Kh8 46. Kd6
Rd1+ 47. Ke7 $18) 44. Kxe6 (44. h7+ $5 {gibt noch groesseren Vorteil} 44... Kh8
45. Kg6 45... Rd8 $18) 44... e3 (44... Rc2 {waere gleichermassen fruchtlos} 45.
Rf4 $18) 45. fxe3 {Der Freibauer e5 ist ein wichtiges Motiv} 45... Rh2 46. h7+
{Die Partie wird im Koenigsangriff beendet} 46... Rxh7 (46... Kh8 $18 {
ist noch eine Idee}) 47. Rxh7 {Es droht Matt} 47... Kxh7 48. Kd6 Kg6 49. e6 Kf6
50. e7 {Mit der Mattdrohung e8Q} 50... Kf5 51. e8=Q {Droht Matt} 51... Kg4 52.
Qe4+ (52. Qe4+ Kg3 53. Ke5 Kf2 54. Kf4 Ke1 55. Qc2 Kf1 56. Kf3 Ke1 57. Qe2#)
1-0

[Event "ICS rated blitz match"]
[Site "204.178.125.65"]
[Date "1999.10.03"]
[Round "?"]
[White "Hossa"]
[Black "Florina"]
[Result "1-0"]
[WhiteElo "2372"]
[BlackElo "2303"]
[PlyCount "75"]
[EventDate "1999.??.??"]

1. e4 d5 2. exd5 c6 3. dxc6 Nxc6 4. Bb5 e5 5. Nc3 Bd6 6. d4 exd4 7. Qxd4 Nge7
8. Ne4 O-O 9. Qxd6 Qa5+ 10. Nc3 Nf5 11. Qd1 Re8+ 12. Nge2 Nfd4 13. Bd3 Nxe2 14.
Bxe2 Bg4 15. f3 Rad8 16. Bd2 Bf5 17. g4 Nd4 18. Ne4 Qe5 19. gxf5 Nxf5 20. c3
Nh4 21. O-O f5 22. Ng3 f4 23. Ne4 Re6 24. Bc4 Kh8 25. Bxe6 Qxe6 26. Qe2 h6 27.
Bxf4 Qb6+ 28. Be3 Qc6 29. Bxa7 Nf5 30. Rfe1 Rf8 31. Bc5 Rd8 32. Rad1 Ra8 33. a3
h5 34. Qg2 b6 35. Qg5 Rg8 36. Qxf5 bxc5 37. Ng5 Qh6 38. Nf7# {
Florina checkmated} 1-0

[Event "ICS rated blitz match"]
[Site "204.178.125.65"]
[Date "1999.10.04"]
[Round "?"]
[White "Hossa"]
[Black "Florina"]
[Result "1-0"]
[WhiteElo "2397"]
[BlackElo "2278"]
[PlyCount "47"]
[EventDate "1999.??.??"]

1. e4 e6 2. d4 d5 3. Nd2 dxe4 4. Nxe4 Nd7 5. Nf3 Ngf6 6. Nxf6+ Nxf6 7. Bd3 c5
8. O-O cxd4 9. Nxd4 Be7 10. Bg5 O-O 11. Re1 Bd7 12. c3 a6 13. Qc2 g6 14. Bh6
Re8 15. Qe2 Rc8 16. Rad1 Rc5 17. Bb1 Qc7 18. Nf3 Rh5 19. Qd2 Bc6 20. Bf4 Qb6
21. Ne5 Rd8 22. Qc1 Ng4 23. Nxg4 Rh4 24. Nh6+ {Florina resigns} 1-0

[Event "ICS rated blitz match"]
[Site "204.178.125.65"]
[Date "1999.10.11"]
[Round "?"]
[White "Hossa"]
[Black "Florina"]
[Result "0-1"]
[WhiteElo "2456"]
[BlackElo "2214"]
[PlyCount "59"]
[EventDate "1999.??.??"]

1. e4 d5 2. exd5 c6 3. dxc6 Nxc6 4. Bb5 e5 5. Nc3 Nf6 6. Nf3 Bd6 7. d4 exd4 8.
Nxd4 O-O 9. Nxc6 bxc6 10. Bxc6 Rb8 11. Bb5 a6 12. Bd3 Re8+ 13. Kf1 Qc7 14. Kg1
Bb7 15. Rb1 h6 16. Bd2 Bc5 17. b4 Ba7 18. a3 Rbd8 19. Qc1 Ng4 20. Nd1 Qc6 21.
Bf1 Qf6 22. Be2 Rxe2 23. Kf1 Rexd2 24. Qxd2 Rxd2 25. Ke1 Rxd1+ 26. Kxd1 Nxf2+
27. Kd2 Qd4+ 28. Kc1 Nxh1 29. Rb3 Nf2 30. Kb1 {Hossa resigns} 0-1

[Event "ICS rated blitz match"]
[Site "204.178.125.65"]
[Date "1999.10.11"]
[Round "?"]
[White "Hossa"]
[Black "Florina"]
[Result "1/2-1/2"]
[WhiteElo "2477"]
[BlackElo "2193"]
[PlyCount "79"]
[EventDate "1999.??.??"]

1. e4 d5 2. exd5 c6 3. dxc6 Nxc6 4. Bb5 e5 5. Nc3 Nf6 6. Nf3 Bd6 7. d4 exd4 8.
Nxd4 O-O 9. Nxc6 bxc6 10. Bxc6 Rb8 11. Bb5 a6 12. Bd3 Re8+ 13. Kf1 Qc7 14. h3
Bb7 15. f3 Rbd8 16. Ne2 Nh5 17. Rb1 Ng3+ 18. Nxg3 Bxg3 19. Bg5 f6 20. h4 fxg5
21. hxg5 g6 22. Qd2 Qf4 23. Qxf4 Bxf4 24. b4 Bxg5 25. b5 axb5 26. Rxb5 Ba6 27.
Rxg5 Bxd3+ 28. cxd3 Rxd3 29. Rh4 Rd1+ 30. Kf2 Rd2+ 31. Kg3 Rxa2 32. Rd5 Re7 33.
Rd8+ Kg7 34. Re4 Rb7 35. Rd6 Rbb2 36. Rd7+ Kf6 37. Rd6+ Kg7 38. Rd7+ Kf6 39.
Rd6+ Kg7 40. Rd7+ {Game drawn by repetition} 1/2-1/2

[Event "ICS rated blitz match"]
[Site "204.178.125.65"]
[Date "1999.10.13"]
[Round "?"]
[White "Hossa"]
[Black "Florina"]
[Result "1-0"]
[WhiteElo "2426"]
[BlackElo "2241"]
[PlyCount "57"]
[EventDate "1999.??.??"]

1. d4 Nf6 2. c4 c5 3. d5 e5 4. Nc3 d6 5. e4 g6 6. Bd3 Bg7 7. Nge2 a6 8. O-O O-O
9. Bg5 h6 10. Bh4 g5 11. Bg3 Nh7 12. Qb3 Qe7 13. f3 f5 14. Na4 f4 15. Be1 Nd7
16. Nb6 Nxb6 17. Qxb6 Rf7 18. b4 g4 19. bxc5 dxc5 20. d6 Qg5 21. Qxc5 Bf8 22.
Rb1 Kh8 23. Bc3 Bg7 24. fxg4 Bxg4 25. Qd5 Raf8 26. Rf2 Bf6 27. Kh1 Rg8 28. Qxf7
Bxe2 29. Bxe2 {Florina resigns} 1-0

[Event "ICS rated blitz match"]
[Site "204.178.125.65"]
[Date "1999.09.08"]
[Round "?"]
[White "Hossa"]
[Black "Florina"]
[Result "1-0"]
[WhiteElo "2522"]
[BlackElo "2063"]
[PlyCount "71"]
[EventDate "1999.??.??"]

1. d4 Nf6 2. c4 c5 3. d5 e5 4. dxe6 fxe6 5. e4 Nc6 6. Bg5 Be7 7. Bd3 O-O 8. Ne2
Kh8 9. O-O d5 10. cxd5 exd5 11. exd5 Nxd5 12. Bxe7 Qxe7 13. Bb5 Be6 14. Bxc6
bxc6 15. Nd2 Qh4 16. Qc2 Rae8 17. Qxc5 Bg4 18. f3 Bd7 19. Qd4 Qg5 20. Ne4 Qg6
21. Qxa7 Bh3 22. N2g3 h5 23. gxh3 h4 24. Qc5 hxg3 25. hxg3 Rf5 26. Qd6 Qh5 27.
g4 Qxh3 28. gxf5 Ne3 29. Qg3 Qxf5 30. Nd6 Qe6 31. Nxe8 Qxe8 32. Rfe1 Kg8 33.
Kf2 Ng4+ 34. Qxg4 Qb8 35. Qe6+ Kh7 36. Rh1+ {Florina resigns} 1-0

[Event "ICS rated blitz match"]
[Site "204.178.125.65"]
[Date "1999.09.08"]
[Round "?"]
[White "Hossa"]
[Black "Florina"]
[Result "1-0"]
[WhiteElo "2522"]
[BlackElo "2043"]
[PlyCount "113"]
[EventDate "1999.??.??"]

1. e4 e6 2. d4 d5 3. Nc3 Bb4 4. e5 c5 5. a3 Bxc3+ 6. bxc3 Ne7 7. Bd3 Nbc6 8.
Nf3 Bd7 9. O-O c4 10. Be2 Qa5 11. Bd2 f5 12. Ng5 h6 13. Nh3 O-O-O 14. f4 Rdg8
15. Qc1 Nd8 16. Rb1 Bc6 17. Qb2 Nf7 18. Qb4 Qc7 19. Bf3 g5 20. Bh5 Nd8 21. fxg5
hxg5 22. Be2 g4 23. Nf4 Ng6 24. Nxg6 Rxg6 25. Bf4 Rg7 26. Qc5 Kb8 27. Rb2 Ka8
28. Bg3 Rgh7 29. Rfb1 Nf7 30. Rxb7 Qxb7 31. Rxb7 Bxb7 32. Bf4 Nd8 33. Kf2 Rg8
34. a4 Rgh8 35. a5 a6 36. Qd6 Rg8 37. Ke3 Rgh8 38. Bg3 Rg8 39. Kf4 Rgh8 40. Bf1
Rg8 41. Qb6 Rgh8 42. Ke3 Rg8 43. Kd2 Rgh8 44. Qd6 Rg8 45. Ke2 Rgh8 46. Ke3 Nf7
47. Qxe6 Ng5 48. Qxf5 Ne4 49. Qxg4 Nxg3 50. hxg3 Rf7 51. Be2 Rhf8 52. Bf3 Bc8
53. Bxd5+ Bb7 54. Bxf7 Rxf7 55. Qg8+ Ka7 56. Qxf7 Ka8 57. d5 {Florina resigns}
1-0

[Event "ICS rated blitz match"]
[Site "204.178.125.65"]
[Date "1999.09.08"]
[Round "?"]
[White "Hossa"]
[Black "Florina"]
[Result "1-0"]
[WhiteElo "2530"]
[BlackElo "2055"]
[PlyCount "93"]
[EventDate "1999.??.??"]

1. d4 Nf6 2. c4 c5 3. d5 e5 4. dxe6 fxe6 5. e4 Be7 6. e5 Ng8 7. Bd3 Nc6 8. Qh5+
Kf8 9. Be4 Qe8 10. Qxe8+ Kxe8 11. Nf3 Nh6 12. Bxh6 gxh6 13. O-O d6 14. exd6
Bxd6 15. Rd1 Bc7 16. Bxc6+ bxc6 17. Nbd2 Ke7 18. b3 Bd7 19. Ne4 Raf8 20. Nxc5
Bc8 21. Nd4 Rhg8 22. Nxc6+ Kf6 23. Nxa7 Bb6 24. Ne4+ Kg6 25. Nxc8 Rxc8 26. Rd6
Bc7 27. Rxe6+ Kf5 28. Re7 Rce8 29. Rxc7 Rxe4 30. Rxh7 Re2 31. Rxh6 Rge8 32. Kf1
Kg5 33. Rh3 Rb2 34. Rf3 Ree2 35. a3 Red2 36. g3 Kg4 37. Kg2 Kg5 38. h4+ Kg4 39.
Rf4+ Kh5 40. b4 Rbc2 41. a4 Rb2 42. Re1 Rxb4 43. Re6 Rd5 44. Rff6 Rxc4 45. Rh6+
Kg4 46. f3+ Kf5 47. Rhf6# {Florina checkmated} 1-0

[Event "ICS rated blitz match"]
[Site "204.178.125.65"]
[Date "1999.09.08"]
[Round "?"]
[White "Hossa"]
[Black "Florina"]
[Result "1-0"]
[WhiteElo "2526"]
[BlackElo "2059"]
[PlyCount "87"]
[EventDate "1999.??.??"]

1. d4 Nf6 2. c4 c5 3. d5 g6 4. Nc3 d6 5. e4 e5 6. dxe6 fxe6 7. Be3 Bg7 8. e5
dxe5 9. Qxd8+ Kxd8 10. Bxc5 a6 11. Bd6 Nc6 12. Rd1 Bd7 13. Na4 b5 14. cxb5 axb5
15. Bxb5 Nd5 16. Rc1 Rc8 17. Nc5 Rb8 18. Bxc6 Bxc6 19. Bxb8 Ke7 20. Bxe5 Bxe5
21. Nd3 Nb4 22. Nxe5 Bxg2 23. Rc4 Nxa2 24. Ra4 Nc1 25. Ra7+ Kd6 26. Nf7+ Kd5
27. Nxh8 Bxh1 28. Ra3 Be4 29. Kd2 Na2 30. Rxa2 Bf5 31. Kc3 Ke5 32. Ra7 Kf6 33.
Rxh7 Bg4 34. f4 Kf5 35. Rf7+ Ke4 36. Nxg6 Bf5 37. Rf6 Ke3 38. Rxf5 exf5 39. h4
Kf2 40. h5 Kxg1 41. h6 Kf2 42. b4 Kf3 43. h7 Ke4 44. h8=Q {Florina resigns} 1-0

[Event "ICS rated blitz match"]
[Site "204.178.125.65"]
[Date "1999.09.30"]
[Round "?"]
[White "Hossa"]
[Black "Florina"]
[Result "1-0"]
[WhiteElo "2479"]
[BlackElo "2229"]
[Annotator "Fritz 5.32 (20s)"]
[PlyCount "37"]
[EventDate "1999.??.??"]

1. d4 Nf6 2. c4 c5 3. d5 e5 4. Nc3 d6 5. e4 g6 6. Bd3 Bg7 7. Nge2 O-O 8. O-O
Nh5 9. Be3 (9. Qc2 a6 10. Rb1 Nd7 11. a3 Qh4 12. b4 Nf4 13. f3 Nxd3 14. Qxd3 f5
15. Be3 b6 16. a4 f4 17. Bf2 Qg5 18. a5 cxb4 19. Rxb4 Nc5 20. Bxc5 bxc5 21. Rb2
Bh3 22. Rf2 Bd7 23. Rb7 23... Rf7 {
Plaskett,J-Velimirovic,D/Banja Luka 1985/MCD/0-1 (40)}) (9. f4 exf4 10. Nxf4
Nf6 11. Nfe2 Ng4 12. h3 Ne5 13. Bf4 Nbd7 14. Qd2 Nxd3 15. Qxd3 Ne5 16. Bxe5
Bxe5 17. Rf3 a6 18. a4 Bd7 19. a5 b6 20. axb6 Qxb6 21. Qc2 Rab8 22. Ra2 Qb3 23.
Qxb3 23... Rxb3 {Uchatzy,W-Medvegy,Z/Hollabrunn 1998/EXT 99/0-1 (34)}) 9... f5
10. exf5 gxf5 11. Ng3 $146 (11. f4 Nd7 12. Qd2 e4 13. Bc2 Ndf6 14. h3 Bd7 15.
a3 Rc8 16. Ba4 Bxa4 17. Nxa4 Qe8 18. Nac3 a6 19. Rab1 Rf7 20. Rf2 Rfc7 21. g3
Bf8 22. Rg2 Rg7 23. Nd1 b5 24. Nf2 Qd7 25. Kh2 25... bxc4 {
Kumaran,D-Grigore,G/Oakham 1992/CBM 30/1-0 (65)}) 11... Nxg3 12. fxg3 12... e4
{Raumvorteil} 13. Be2 Nd7 14. Rc1 Ne5 15. Qc2 Bd7 16. g4 fxg4 17. Nxe4 ({
Nachteilig ist} 17. Qxe4 17... Re8 18. Kh1 18... Nf3 $15) 17... Qe7 $18 (17...
Nf7 $5 $14 $142 {ist zu ueberlegen}) 18. Bg5 Qe8 19. Nxd6 (19. Nxd6 Qh5 20.
Rxf8+ Rxf8 21. Be7 $18) 1-0

[Event "ICS rated blitz match"]
[Site "204.178.125.65"]
[Date "1999.10.04"]
[Round "?"]
[White "Hossa"]
[Black "Florina"]
[Result "1-0"]
[WhiteElo "2418"]
[BlackElo "2257"]
[PlyCount "73"]
[EventDate "1999.??.??"]

1. e4 d5 2. exd5 c6 3. dxc6 Nxc6 4. Bb5 e5 5. Nc3 Nf6 6. Nf3 Bd6 7. d4 exd4 8.
Nxd4 O-O 9. Nxc6 bxc6 10. Bxc6 Rb8 11. Bb5 Qc7 12. Bg5 Rd8 13. Bxf6 gxf6 14.
Qh5 Be5 15. O-O Rxb5 16. Nxb5 Qb6 17. Rfd1 Re8 18. c4 Bb7 19. Rd7 Rf8 20. Rb1
Qc6 21. Qg4+ Kh8 22. Nxa7 Qb6 23. Nb5 Rg8 24. Rxb7 Qxb7 25. Qh3 Qa6 26. a3 Qe6
27. Qxe6 fxe6 28. b4 Rg4 29. Rc1 Bb2 30. Rc2 Bxa3 31. Nxa3 Rd4 32. Rc1 e5 33.
b5 Rd8 34. c5 Ra8 35. c6 Rxa3 36. c7 Kg7 37. c8=Q {Florina resigns} 1-0

[Event "ICS rated blitz match"]
[Site "204.178.125.65"]
[Date "1999.09.07"]
[Round "?"]
[White "Hossa"]
[Black "Florina"]
[Result "1-0"]
[WhiteElo "2518"]
[BlackElo "2047"]
[PlyCount "49"]
[EventDate "1999.??.??"]

1. e4 e6 2. d4 d5 3. Nc3 dxe4 4. Nxe4 Nd7 5. Nf3 Ngf6 6. Nxf6+ Nxf6 7. Bd3 Be7
8. O-O b6 9. Ne5 O-O 10. Nc6 Qd7 11. Qf3 Nd5 12. Nxe7+ Qxe7 13. c4 Bb7 14. cxd5
Bxd5 15. Qh5 g6 16. Qg4 f5 17. Qg3 Rfd8 18. Bg5 Qd7 19. Bxd8 Rxd8 20. Rfe1 Qc6
21. Rec1 Qd7 22. Rxc7 Qa4 23. Qe5 Rd7 24. Rc8+ Kf7 25. Qh8 {Florina resigns}
1-0

[Event "ICS rated blitz match"]
[Site "204.178.125.65"]
[Date "1999.10.09"]
[Round "?"]
[White "Hossa"]
[Black "Florina"]
[Result "1-0"]
[WhiteElo "2464"]
[BlackElo "2263"]
[PlyCount "47"]
[EventDate "1999.??.??"]

1. e4 d5 2. exd5 c6 3. dxc6 Nxc6 4. Bb5 e5 5. Nc3 Nf6 6. Nf3 Bd6 7. d4 exd4 8.
Nxd4 O-O 9. Nxc6 bxc6 10. Bxc6 Rb8 11. Bb5 Qc7 12. Bg5 Ng4 13. h3 Nxf2 14. Kxf2
Bg3+ 15. Ke2 Rxb5 16. Nxb5 Qe5+ 17. Be3 Qxb5+ 18. Kf3 Qe5 19. Qd4 Bb7+ 20. Ke2
Qc7 21. Kf1 Rd8 22. Qc3 Qd6 23. Bf2 Qd5 24. Qxg3 {Florina resigns} 1-0

[Event "ICS rated blitz match"]
[Site "204.178.125.65"]
[Date "1999.09.22"]
[Round "?"]
[White "Hossa"]
[Black "Florina"]
[Result "1-0"]
[WhiteElo "2284"]
[BlackElo "1977"]
[PlyCount "129"]
[EventDate "1999.??.??"]

1. d4 Nf6 2. h3 c5 3. d5 e5 4. Nc3 d6 5. e4 g6 6. f4 Nbd7 7. fxe5 Nxe5 8. Nf3
Nfd7 9. Bb5 Bg7 10. Bxd7+ Bxd7 11. O-O b5 12. Bg5 Qb6 13. Nxe5 Bxe5 14. Bf6 O-O
15. Qd2 c4+ 16. Kh1 Bxf6 17. Rxf6 b4 18. Ne2 Rae8 19. Qf4 Re5 20. Rf1 Be8 21.
Qxe5 dxe5 22. Rxb6 axb6 23. Rf6 b5 24. g4 Kg7 25. Rf3 Bd7 26. g5 f5 27. gxf6+
Rxf6 28. Rxf6 Kxf6 29. Kg2 h6 30. c3 bxc3 31. bxc3 g5 32. Kg3 h5 33. a3 h4+ 34.
Kg2 Bc8 35. Ng1 Bd7 36. Nf3 Bc8 37. Nh2 Bd7 38. Nf1 Bc8 39. Ne3 Bd7 40. Nc2 Bc8
41. Kh2 Bd7 42. Ne3 Bc8 43. Ng2 Bd7 44. Ne1 Bc8 45. Nf3 Bd7 46. Nd2 Bc8 47. Kg2
Bd7 48. a4 bxa4 49. Nxc4 Bb5 50. Na3 Bd3 51. Kf3 g4+ 52. Kxg4 Bxe4 53. c4 Bd3
54. Kxh4 e4 55. Kg3 Ke5 56. h4 e3 57. Kf3 Kd4 58. Nb5+ Kxc4 59. Kxe3 Bh7 60. d6
Kxb5 61. d7 a3 62. d8=Q a2 63. Qd5+ Kb6 64. Qxa2 Kb7 65. Qf7+ {Florina resigns}
1-0

[Event "ICS rated blitz match"]
[Site "204.178.125.65"]
[Date "1999.09.23"]
[Round "?"]
[White "Hossa"]
[Black "Florina"]
[Result "1-0"]
[WhiteElo "2282"]
[BlackElo "1995"]
[PlyCount "53"]
[EventDate "1999.??.??"]

1. e4 e6 2. d4 d5 3. e5 c5 4. c3 Qb6 5. Be2 Bd7 6. Nf3 Bb5 7. Bxb5+ Qxb5 8. b3
Nc6 9. a4 Qb6 10. O-O cxd4 11. cxd4 Nge7 12. Be3 Nf5 13. Nc3 Bb4 14. Qd3 a6 15.
Nxd5 Qa5 16. Nxb4 Nxb4 17. Qd2 O-O 18. Rfc1 Rac8 19. Bg5 Qb6 20. g4 h6 21. gxf5
hxg5 22. Nxg5 exf5 23. Rxc8 Rxc8 24. Qf4 Rd8 25. Qxf5 Qg6 26. Qxg6 fxg6 27. Rd1
{Florina resigns} 1-0

[Event "ICS rated blitz match"]
[Site "204.178.125.65"]
[Date "1999.10.09"]
[Round "?"]
[White "Hossa"]
[Black "Florina"]
[Result "1-0"]
[WhiteElo "2447"]
[BlackElo "2280"]
[PlyCount "45"]
[EventDate "1999.??.??"]

1. e4 d5 2. exd5 c6 3. dxc6 Nxc6 4. Bb5 e5 5. Nc3 Nf6 6. Nf3 Bd6 7. d4 exd4 8.
Nxd4 O-O 9. Nxc6 bxc6 10. Bxc6 Rb8 11. Bb5 Qc7 12. Bg5 Ng4 13. h3 Bb4 14. Bd2
Bxc3 15. Bxc3 Nxf2 16. Qd4 Qg3 17. Qxf2 Qxf2+ 18. Kxf2 Rxb5 19. Rhe1 Bb7 20.
Re7 Rf5+ 21. Kg1 Rb8 22. Rd1 Rg5 23. Rxb7 {Florina resigns} 1-0

[Event "ICS rated blitz match"]
[Site "204.178.125.65"]
[Date "1999.09.23"]
[Round "?"]
[White "Hossa"]
[Black "Florina"]
[Result "1-0"]
[WhiteElo "2292"]
[BlackElo "1985"]
[PlyCount "65"]
[EventDate "1999.??.??"]

1. e4 d5 2. exd5 c6 3. dxc6 Nxc6 4. Bc4 e5 5. Ne2 Bd6 6. O-O Nf6 7. Nbc3 O-O 8.
d3 a6 9. Bg5 h6 10. Bxf6 Qxf6 11. Ne4 Qe7 12. c3 Bc7 13. Bd5 Kh8 14. Re1 f5 15.
N4g3 Bd7 16. d4 e4 17. a3 Rae8 18. Qb3 Bc8 19. Qc4 Bd7 20. Rad1 Qh4 21. Bxc6
bxc6 22. Qxa6 f4 23. Nf1 f3 24. Neg3 fxg2 25. Kxg2 Bh3+ 26. Kg1 Rxf2 27. Qxc6
Rg2+ 28. Kh1 Re7 29. Qa8+ Kh7 30. Rxe4 Rxe4 31. Qxe4+ Qxe4 32. Nxe4 Rxh2+ 33.
Nxh2 {Florina resigns} 1-0